La gestión institucional del agua en España 1978/2008 (Record no. 184779)

MARC details
000 -LEADER
campo de control de longitud fija 01053nam a2200277 i 4500
001 - NÚMERO DE CONTROL
campo de control 184779
003 - IDENTIFICADOR DE NÚMERO DE CONTROL
campo de control ES-MaACL
005 - FECHA Y HORA DE LA ÚLTIMA TRANSACCIÓN
campo de control 20250726053926.0
008 - DATOS DE LONGITUD FIJA--INFORMACIÓN GENERAL
campo de control de longitud fija 151221s2009 sp a |||| | spa d
020 ## - NÚMERO INTERNACIONAL ESTÁNDAR DEL LIBRO
Número Internacional Estándar del Libro 978-84-92558-07-0
080 ## - NÚMERO DE LA CLASIFICACIÓN DECIMAL UNIVERSAL
Número de la Clasificación Decimal Universal 351.79(460)
100 1# - ENTRADA PRINCIPAL--NOMBRE DE PERSONA
Nombre de persona Vera Aparici, Juan A.
9 (RLIN) 158390
245 13 - MENCIÓN DEL TÍTULO
Título La gestión institucional del agua en España 1978/2008
Resto del título : una Constitución en papel mojado /
Mención de responsabilidad, etc. Juan Antonio Vera Aparici.
260 ## - PUBLICACIÓN, DISTRIBUCIÓN, ETC.
Lugar de publicación, distribución, etc. [Madrid] :
Nombre del editor, distribuidor, etc. Liteam,
Fecha de publicación, distribución, etc. [2009] (
Fabricante Ed. Trillo)
300 ## - DESCRIPCIÓN FÍSICA
Extensión 191 p. ;
Dimensiones 24 cm.
500 ## - NOTA GENERAL
Nota general Glosarios.
500 ## - NOTA GENERAL
Nota general Índice de tablas.
504 ## - NOTA DE BIBLIOGRAFÍA, ETC.
Nota de bibliografía, etc. Bibliografía: p. [123]-129.
504 ## - NOTA DE BIBLIOGRAFÍA, ETC.
Nota de bibliografía, etc. Normativa (legislación): p. [131]-149.
650 #4 - PUNTO DE ACCESO ADICIONAL DE MATERIA--TÉRMINO DE MATERIA
Término de materia o nombre geográfico como elemento de entrada Gestión del agua.
9 (RLIN) 142076
650 #7 - PUNTO DE ACCESO ADICIONAL DE MATERIA--TÉRMINO DE MATERIA
Término de materia o nombre geográfico como elemento de entrada Agua-
Subdivisión general Derecho y legislación-
Subdivisión geográfica España
Fuente del encabezamiento o término
9 (RLIN) 156842
852 ## - LOCALIZACIÓN
Ubicación ES-MaACL
Número de control de estantería A-13515
itemnumber 191792
Sublocalización o colección R.150407
Ubicación en estantería Depósito 1
Signatura antigua Olim: N-6515
Anotaciones manuscritas Dedicatoria autógrafa del autor
Donativo/Legado Donación: Juan Antonio Vera Aparici
903 ## - NOMBRE PERSONAL DE DONANTE
9 158390
a Vera Aparici, Juan A.
e Donante
942 ## - ELEMENTOS DE ENTRADA SECUNDARIOS (KOHA)
Fuente del sistema de clasificación o colocación Clasificación decimal universal
Tipo de ítem Koha Libro impreso
Holdings
Estatus retirado Estado de pérdida Fuente del sistema de clasificación o colocación Estado de daño No para préstamo Colección Biblioteca de origen Biblioteca actual Ubicación en estantería Fecha de adquisición Fuente de adquisición Total de préstamos Signatura topográfica completa Código de barras Visto por última vez Precio de reemplazo Tipo de ítem Koha Nota pública
    Clasificación decimal universal     Libros con dedicatorias Biblioteca del Ateneo de Madrid Biblioteca del Ateneo de Madrid Depósito 1 21/12/2015 Donación   A-13515 1194578 23/02/2023 23/02/2023 Libro impreso Dedicatoria autógrafa del autor